Problemy ekonomiki razvitija infrastruktury gorodov

Na minha lista:
Detalhes bibliográficos
Autor principal: Segedinov, Aleksandr Aleksandrovič
Formato: Livro
Idioma:russo
Publicado em: Moskva Strojizdat 1987
Edição:1. izd.
Tags: Adicionar Tag
Sem tags, seja o primeiro a adicionar uma tag!

MARC

LEADER 00000nam a2200000 4500
001 c028513
005 20221219132116.8
041 0 |a rus 
044 |a RU 
245 1 0 |a Problemy ekonomiki razvitija infrastruktury gorodov  |c Aleksandr Aleksandrovič Segedinov 
250 |a 1. izd. 
264 1 |a Moskva  |b Strojizdat  |c 1987 
300 |a 215 s. 
100 1 |a Segedinov, Aleksandr Aleksandrovič